000 00719nam a2200289Ia 4500
005 20260324150723.0
008 008 260324s9999 xx 000 0 eng d
020 _a9780203716250
037 _aEBOOK
040 _aCRL
040 _beng
040 _cCRL
041 _2eng
041 _aeng
084 _qCRL
100 _aGriffith Taylor
_91227304
245 0 _aUrban Geography
245 2 _bA Study of Site, Evolution, Patern and Classification in Villages, Towns and Cities
260 _bTaylor and Francis
260 _c1949
365 _a
365 _b350
856 _uhttp://www.taylorfrancis.com/books/9780203716250
942 _cEBOOK
999 _c1837338
_d1837338